Playing it my way : (Record no. 73990)
[ view plain ]
| 000 -LEADER | |
|---|---|
| fixed length control field | 00829nam a2200253 i 4500 |
| 001 - CONTROL NUMBER | |
| control field | 73990 |
| 003 - CONTROL NUMBER IDENTIFIER | |
| rucl marc code | BD-RjUL |
| 005 - DATE AND TIME OF LATEST TRANSACTION | |
| control field | 20211209082453.0 |
| 008 - FIXED-LENGTH DATA ELEMENTS--GENERAL INFORMATION | |
| fixed length control field | 171207s2014 enkaf 000 0aeng |
| 020 ## - INTERNATIONAL STANDARD BOOK NUMBER | |
| International Standard Book Number | 9781473605206 |
| International Standard Book Number | 9781473605183 |
| 035 ## - SYSTEM CONTROL NUMBER | |
| System control number | (BD-RjUL)74208 |
| 040 ## - CATALOGING SOURCE | |
| Original cataloging agency | DLC |
| Language of cataloging | eng |
| Transcribing agency | DLC |
| Description conventions | rda |
| Modifying agency | DLC |
| 041 ## - LANGUAGE CODE | |
| Language code of text/sound track or separate title | eng |
| 082 ## - DEWEY DECIMAL CLASSIFICATION NUMBER | |
| Edition number | 23 |
| Classification number | 796.358092 |
| Author mark and year | TES 2014 |
| 100 1# - MAIN ENTRY--PERSONAL NAME | |
| Personal name | Tendulkar, Sachin, |
| Dates associated with a name | 1973- |
| 9 (RLIN) | 166601 |
| 245 10 - TITLE STATEMENT | |
| Title | Playing it my way : |
| Remainder of title | my autobiography / |
| Statement of responsibility, etc. | Sachin Tendulkar with Boria Majumdar. |
| 300 ## - PHYSICAL DESCRIPTION | |
| Pagination | x, 486 pages, 32 unnumbered pages of plates : |
| Illustrations | color illustrations ; |
| Size | 24 cm |
| 600 10 - SUBJECT ADDED ENTRY--PERSONAL NAME | |
| Personal name | Tendulkar, Sachin, |
| Dates associated with a name | 1973- |
| 650 #0 - SUBJECT ADDED ENTRY--TOPICAL TERM | |
| Topical term or geographic name as entry element | Cricket players |
| Geographic subdivision | India |
| Form subdivision | Biography. |
| 9 (RLIN) | 219654 |
| 700 1# - ADDED ENTRY--PERSONAL NAME | |
| Personal name | Majumdar, Boria, |
| Dates associated with a name | 1976- |
| Relator term | author. |
| 942 ## - ADDED ENTRY ELEMENTS (KOHA) | |
| Source of classification or shelving scheme | Dewey Decimal Classification |
| Koha item type | Books |
| Lost status | Source of classification or shelving scheme | Damaged status | Not for loan | Collection code | Permanent Location | Current Location | Shelving location | Date acquired | Source of acquisition | Cost, normal purchase price | Total Checkouts | Full call number | Date last seen | Copy number | Koha item type |
|---|---|---|---|---|---|---|---|---|---|---|---|---|---|---|---|
| Dewey Decimal Classification | Not For Loan | Non-fiction | Central Library, University of Rajshahi | Central Library, University of Rajshahi | Reading Room | 19/04/2017 | R.U. V.C. Office. | 25.00 | 796.358092 TES 2014 | 07/12/2017 | C-1 | Books |